00000000nam 2200000zi 4500
0019.922112
003CaOODSP
00520230501152002
006m     o  d f      
007cr |n|||||||||
008230501t19981998onca    o    f|0| 0 eng d
020 |z0662636198
040 |aCaOODSP|beng|erda|cCaOODSP
043 |an-cn---
086 |aC2-354/1998E-PDF
24500|aYour internet business : |bearning consumer trust : a guide for electronic entrepreneurs.
264 1|aOttawa : |bIndustry Canada = Industrie Canada, |c1998.
264 4|c©1998
300 |a1 online resource (8 pages) : |billustrations
336 |atext|btxt|2rdacontent
337 |acomputer|bc|2rdamedia
338 |aonline resource|bcr|2rdacarrier
500 |aIssued also in French under title: Faire des affaires sur internet : gagner la confiance du consommateur : un guide à l'intention des entrepreneurs de l'ère électronique.
500 |aDigitized edition from print [produced by Innovation, Science and Economic Development Canada].
650 0|aConsumer satisfaction|zCanada.
650 0|aConsumer protection|zCanada.
650 0|aElectronic commerce|zCanada.
7101 |aCanada. |bIndustry Canada, |eissuing body.
77508|tFaire des affaires sur internet : |w(CaOODSP)9.922114
85640|qPDF|s575 KB|uhttps://publications.gc.ca/collections/collection_2023/isde-ised/c2/C2-354-1998-eng.pdf